000 00513nam a2200181Ia 4500
008 090124s9999 xx 000 0 und d
082 _b126032
100 _aवागळे वि. द.
245 _a काटेरी फुलोरा
250 _a1
260 _c1993
300 _a271
600 _aवागळे वि. द.
630 _a काटेरी फुलोरा
700 _aवागळे वि. द.
730 _a काटेरी फुलोरा
942 _cBOOK
999 _c172122
_d172122